000 01019nam0a22002771 4500
001 RU\NLR\INFOCOMM_195\5000048390
005 20250613092545.0
035 _a(NLR Aleph) 009167755
090 _a8493753
_c8493753
100 _a20100216d1982 |||y0rusy50 ca
101 0 _aswe
102 _aRU
105 _ay ||||000|y
200 1 _aÄr världsfreden: en utopi?
_fFjodor Burlatskij
210 _aΜ.
_cPresstjänsten "Novostis" förl.
_d1982
215 _a149 с.
_d16 см
300 _aВ вып. дан.: Всеобщий мир - утопия или реальность? / Федор Бурлацкий
606 _aАтомная война
_xБорьба против возникновения
_jПублицистика
_2nlr_sh1
686 _aТ3(0)63-611.25, 014
_2rubbk
700 1 _9z01790
_aBurlackij
_bF. M.
_gFedor Michajlovič
_4070
790 1 _9z01700
_aBurlatskij
_bF.
_gFjodor
_4070
801 1 _aRU
_bNLR
_c20100216
801 0 _aRU
_bNLR
_gPSBO
852 _aNLR
_jИ25 Д-1/246
942 _cBOOK
980 _aNB